00673nam a2200229 a 4500001001300000003000900013005001700022008004100039020001000080082001500090100002400105245003900129260004500168300000900213500003500222505001000257650002700267902000800294942000700302952011900309999001500428nice12345678IN_TiNIC20260116011615.0050524s1937 lona grp 000 0 eng  ac10000a261.1bHOO aHooft, W A Visser T aChurch and Its Function in Society aLondonbGeorge Allen and Unwin Ltdc1937 a294p aincludes index and biblioraphy2 aIndex aChurch-Social Services bSRS cBK 00104070aHMIbHMId2007-07-10g100.00l2o261.1 HOOp3261q2026-02-24r2026-02-10s2026-02-10w2026-01-16yARB c2856d2856